جا م جہاں نما (Record no. 170400)

MARC details
000 -LEADER
fixed length control field 00576nam a22001937a 4500
005 - DATE AND TIME OF LATEST TRANSACTION
control field 20191213164040.0
010 ## - LCCN (DPL NO)
LC control number A-688138
020 ## - INTERNATIONAL STANDARD BOOK NUMBER
Terms of availability 75.00
International Standard Book Number -
035 ## - SYSTEM CONTROL NUMBER
System control number A-688138
037 ## - SOURCE OF ACQUISITION
Source of stock number/acquisition BPPD
082 ## - DEWEY DECIMAL CLASSIFICATION NUMBER
Classification number 070
100 ## - MAIN ENTRY--PERSONAL NAME
Personal name گر بچن چند ن
245 ## - TITLE STATEMENT
Title جا م جہاں نما
Statement of responsibility, etc گر بچن چند ن
246 ## - VARYING FORM OF TITLE
Title proper/short title Jaam-e-Jahan Numa (Urdu)
Remainder of title by Gurbachan Chandan
260 ## - PUBLICATION, DISTRIBUTION, ETC. (IMPRINT)
Place of publication, distribution, etc Delhi
Date of publication, distribution, etc 1992 ء
Name of publisher, distributor, etc Maktaba Jamia Ltd.
270 ## - ADDRESS
Address Patodi House,Darya Ganj
City N.Delhi
Telephone number -
Postal code 110002
300 ## - PHYSICAL DESCRIPTION
Extent 248 ص
Dimensions 22 cm(hb)
942 ## - ADDED ENTRY ELEMENTS (KOHA)
Source of classification or shelving scheme Dewey Decimal Classification
Item type Urdu Bks
Classification part 070
Call number suffix گ ر ب
Holdings
Withdrawn status Lost status Not for loan Collection code Home library Current library Date acquired Source of acquisition Cost, normal purchase price Full call number Barcode Copy number Cost, replacement price Koha item type
      Non-fiction Central Library Central Library 13/12/2019 BPPD/Ven. 75.00 070 گ ر ب A-688138 1 75.00 Urdu Bks

© Delhi Public Library
Hit Counter
free hit counter